My Chemical Romance song - Statistics

General Stats
  • This quiz has been taken 212 times
  • The average score is 156 of 276
Answer Stats
good luck Lyrics % Correct
I
98%
you
89%
You
89%
The
86%
the
86%
a
85%
to
80%
Do
79%
we
78%
We
78%
me
76%
what
73%
when
71%
When
71%
I'm
70%
in
70%
and
69%
And
69%
hint: its from three cheers for sweet revenge For
68%
for
68%
it
68%
go
66%
well
64%
we'll
64%
did
63%
be
62%
get
62%
never
62%
know
61%
then
60%
dead
58%
on
58%
remember
58%
that
58%
life
56%
my
56%
end
55%
I'll
55%
This
55%
will
54%
every
53%
of
53%
told
53%
your
53%
back
52%
from
52%
From
52%
gets
52%
If
51%
kill
51%
with
51%
coming
50%
harder
50%
everyone
49%
take
49%
else
48%
all
47%
home
47%
Just
47%
just
47%
lifetime
47%
forever
45%
gone
45%
met
45%
night
45%
now
45%
Been
44%
holding
44%
stole
44%
was
44%
got
43%
would
43%
ghost
42%
time
42%
you'll
42%
day
41%
enemies
41%
how
41%
like
41%
out
41%
taking
41%
sleep
40%
But
39%
damage
39%
tell
39%
won't
39%
You're
39%
you've
39%
far
38%
fall
37%
promise
37%
could
36%
inflicted
36%
Lets
36%
through
36%
put
35%
avenge
34%
enough
34%
last
34%
Temporary
34%
breath
33%
deep
33%
Wasn't
33%
eyes
32%
hole
32%
lights
32%
wounds
32%
one
31%
right
31%
these
31%
think
31%
Bright
30%
hide
30%
Or
30%
places
30%
razor
30%
remain
30%
rosary
30%
running
30%
there
30%
red
29%
together
29%
hardest
28%
helps
28%
Hip
28%
hip
28%
living
28%
paint
28%
part
28%
still
28%
talk
28%
walls
28%
apart
27%
climbing
27%
color
27%
falling
27%
lose
27%
lost
27%
pitchfork
26%
change
25%
fear
25%
I've
25%
leaves
25%
ourselves
25%
hooray
24%
Lay
22%
as
15%
stareless
4%
No matching quizzes found
Score Distribution
Percent of People with Each Score
Percentile by Number Answered
Your Score History
You have not taken this quiz